01204 a2200229 450000100040000000500170000400800410002100300150006204000400007708000170011724500580013402000220019225000130021426400480022730000230027550504290029804100080072710000230073570000210075870000330077985601620081223220260407155415.0260407a2009 arg spa dAR-UNSa-BCEJYS aAR-UNSa-BCEJYSbspacAR-UNSa-BCEJYS a512xAlgebra10aAlgebra y trigonometría con geometría analítica a978-970-830-039-1 a12a. ed. 1aMéxico :bCengage Learning Editoresc2009 axvi, 902 p.c26 cm a1. Conceptos fundamentales de álgebra - 2. Ecuaciones y desigualdades - 3. Funciones y gráficas - 4. Polinomios y funciones racionales - 5. Funciones inversas, exponenciales y logarítmicas - 6. Las funciones trigonométricas - 7. Trigonometría analítica - 8. Aplicaciones en trigonometría - 9. Sistemas de ecuaciones y desigualdades - 10. Sucesiones, series y probabilidad - 11. Temas de geometría analítica aspa1 aSwokowski, Earl W.1 aCole, Jeffery A.1 aRomo Muñoz, Jorge Humberto41uhttps://biblioeco.unsa.edu.ar/pmb/images/libros/Algebra y trigonometr?a con geometr?a anal?tica Swokowski, Earl W. (2009).jpgyImagen de portadaqimage/jpeg